| 000 | 00594cam a22002291 4500 | ||
|---|---|---|---|
| 001 | sa 64008463 | ||
| 003 | DLC | ||
| 005 | 20260227112054.0 | ||
| 008 | 850406s1964 ii 000 1 benx | ||
| 010 | _asa 64008463 | ||
| 025 | _aPL480: I-B-1401 | ||
| 035 | _a(OCoLC)13888647 | ||
| 040 |
_aDLC _cNN _dDLC |
||
| 042 | _apremarc | ||
| 050 | 0 | 0 |
_aPK1718.B39 _bD5 |
| 100 | 1 |
_aBasu, Samareśa, _d1924-1988. |
|
| 245 | 1 | 0 |
_aDhūsara āýanā. _c[Lekhaka] Samareśa Basu. |
| 260 |
_aKalikātā, _bKathākali _c[1964] |
||
| 300 |
_a154 p. _c22 cm. |
||
| 500 | _aIn Bengali. | ||
| 500 | _aA novel. | ||
| 999 |
_c60872 _d60872 |
||